00839nam a2200193 a 450000100060000000300090000600800410001502000180005604000280007408200190010211000250012124500740014626000360022030000080025650502740026465000340053865000320057265000410060421850CO-ViMGA141112s2004 ck r 000 u spa d a9789588250342 aCO-ViMGAbspacCO-ViMGA04aR759.986 I577c aInstituto de cultura10a40 salón nacional de artistas : b11 Salones regionales de artistas aBogotá : bColcultura, c2006 a628 aRegión caribe El caribe nos mira 101 - - Región centro Un lugar en el mundo 127 - - Región centro occidente La acción de curar 277 - - Región orinoquía Imaginarios y símbolos del país del orinoco XXI 381 - - región sur El síndrome de montaigne 517 14aARTE - EXPRESIONES - COLOMBIA14aARTE COLOMBIANO - SIGLO XXI14aARTISITAS COLOMBIANOS - EXPOSICIONES